Normal view
MARC view
Entry Personal Name
001 - CONTROL NUMBER
- control field: 41718
003 - CONTROL NUMBER IDENTIFIER
- control field: ARRUPE
005 - DATE AND TIME OF LATEST TRANSACTION
- control field: 20180510125543.0
008 - FIXED-LENGTH DATA ELEMENTS
- fixed length control field: 180510|| aca||aabn | a|a d
040 ## - CATALOGING SOURCE
- Original cataloging agency: ARRUPE
- Transcribing agency: ARRUPE
100 ## - HEADING--PERSONAL NAME
- Personal name: Mbembe, Achille,
- Dates associated with a name: 1957-
- Relator term: editor.
670 ## - SOURCE DATA FOUND
- Source citation: Work cat.: (ARRUPE)0: Ateliers de la pensée (1st : 2016 : Dakar, Senegal) 41717, Écrire l'Afrique-monde :, 2017